[Event "Novokuznetsk-ch op"]
[Site "Novokuznetsk"]
[Date "2009.12.13"]
[Round "9"]
[White "Egorova, Valentina"]
[Black "Parygin, Dmitriy"]
[Result "1-0"]
[WhiteElo "2007"]
[BlackElo "1923"]
[PlyCount "73"]
[EventDate "2009.11.21"]
[EventType "swiss"]
[EventRounds "9"]
[EventCountry "RUS"]
[SourceTitle "EXT 2011"]
[Source "ChessBase"]
[SourceDate "2010.11.26"]
[SourceVersion "1"]
[SourceVersionDate "2010.11.26"]
[SourceQuality "1"]

1. e4 e5 2. Nf3 d6 3. d4 f5 4. dxe5 fxe4 5. Ng5 d5 6. Nc3 c6 7. Be2 Bf5 8. e6 Nh6 9. Be3 Qf6 10. Qd2 Be7 11. h4 Bxe6 12. Bd4 Qg6 13. Nxe6 Qxe6 14. Bxg7 Nf7 15. Bxh8 Nxh8 16. 0-0-0 Nd7 17. Kb1 0-0-0 18. Qf4 Rf8 19. Qg4 Qxg4 20. Bxg4 Rxf2 21. Nxe4 Rxg2 22. Bh3 Re2 23. Ng3 Re5 24. Rde1 Nf7 25. Rxe5 Nfxe5 26. Nf5 Bf8 27. Rf1 Kd8 28. Nd4 Bh6 29. Bxd7 Kxd7 30. Rf5 Be3 31. Rxe5 Bxd4 32. Rh5 b5 33. Rxh7+ Ke6 34. Rh6+ Kd7 35. Rg6 a5 36. h5 c5 37. h6 1-0

[Event "Novokuznetsk op"]
[Site "Novokuznetsk"]
[Date "2008.11.22"]
[Round "1"]
[White "Filimonov, Alexey"]
[Black "Egorova, Valentina"]
[Result "1-0"]
[WhiteElo "2233"]
[BlackElo "1989"]
[PlyCount "67"]
[EventDate "2008.11.22"]
[EventType "swiss"]
[EventRounds "9"]
[EventCountry "RUS"]
[SourceTitle "CBM 127 Extra"]
[Source "ChessBase"]
[SourceDate "2009.01.08"]
[SourceVersion "2"]
[SourceVersionDate "2009.01.28"]
[SourceQuality "1"]

1. e4 c5 2. Nf3 Nc6 3. c3 Nf6 4. e5 Nd5 5. Bc4 Nb6 6. Bb3 e6 7. d4 cxd4 8. cxd4 d6 9. Qe2 Be7 10. 0-0 0-0 11. Rd1 Qc7 12. Nc3 a6 13. Bc2 d5 14. Bg5 g6 15. h4 Bd7 16. h5 Rac8 17. Rac1 Qd8 18. Bh6 Re8 19. g3 Bf8 20. Bxf8 Rxf8 21. Kg2 f5 22. exf6 Qxf6 23. hxg6 hxg6 24. Ne5 Nxe5 25. dxe5 Qf7 26. Rd4 Rc4 27. Rcd1 Bc6 28. R1d2 Nd7 29. f4 Nc5 30. Qg4 Kg7 31. Ne2 Rh8 32. b3 Rxd4 33. Nxd4 Rd8 34. b4 1-0

[Event "Novokuznetsk-ch op"]
[Site "Novokuznetsk"]
[Date "2007.11.24"]
[Round "3"]
[White "Temnikov, Anatoly"]
[Black "Egorova, Valentina"]
[Result "1/2-1/2"]
[WhiteElo "2227"]
[BlackElo "1991"]
[PlyCount "24"]
[EventDate "2007.11.24"]
[EventType "swiss"]
[EventRounds "9"]
[EventCountry "RUS"]
[SourceTitle "EXT 2022"]
[Source "ChessBase"]
[SourceDate "2021.10.06"]
[SourceVersion "1"]
[SourceVersionDate "2021.10.06"]
[SourceQuality "1"]

1. d4 Nf6 2. c4 e6 3. Nc3 Bb4 4. Bd2 Nc6 5. Nf3 d5 6. e3 0-0 7. Bd3 dxc4 8. Bxc4 Nd5 9. Nxd5 Bxd2+ 10. Qxd2 exd5 11. Bd3 b6 12. 0-0 Bb7 1/2-1/2

[Event "Novokuznetsk-ch op"]
[Site "Novokuznetsk"]
[Date "2007.11.24"]
[Round "9"]
[White "Vladimirov, Mikhail"]
[Black "Egorova, Valentina"]
[Result "1-0"]
[WhiteElo "2187"]
[BlackElo "1991"]
[PlyCount "31"]
[EventDate "2007.11.24"]
[EventType "swiss"]
[EventRounds "9"]
[EventCountry "RUS"]
[SourceTitle "EXT 2022"]
[Source "ChessBase"]
[SourceDate "2021.10.06"]
[SourceVersion "1"]
[SourceVersionDate "2021.10.06"]
[SourceQuality "1"]

1. d4 d5 2. c4 c6 3. Nf3 Nf6 4. e3 a6 5. Bd3 Bg4 6. 0-0 e6 7. Nbd2 b5 8. cxb5 cxb5 9. a4 b4 10. a5 Bd6 11. e4 dxe4 12. Nxe4 Nc6 13. Nxf6+ Qxf6 14. Be4 Rc8 15. Qa4 Kd7 16. Bg5 1-0

[Event "Novokuznetsk (Women) 10th"]
[Site "Novokuznetsk"]
[Date "2007.03.05"]
[Round "10"]
[White "Trofimova, Antonina"]
[Black "Egorova, Valentina"]
[Result "1-0"]
[WhiteElo "2200"]
[BlackElo "2207"]
[PlyCount "99"]
[EventDate "2007.02.27"]
[EventType "tourn"]
[EventRounds "11"]
[EventCountry "RUS"]
[SourceTitle "EXT 2008"]
[Source "ChessBase"]
[SourceDate "2007.11.25"]
[SourceVersion "1"]
[SourceVersionDate "2007.11.25"]
[SourceQuality "1"]

1. e4 c5 2. Nf3 Nc6 3. d3 d6 4. g3 g6 5. Bg2 Bg7 6. Nbd2 e6 7. 0-0 Nge7 8. Re1 0-0 9. Nf1 Bd7 10. c3 Rb8 11. Be3 e5 12. d4 b6 13. h4 Qc8 14. N1h2 f5 15. dxe5 dxe5 16. exf5 Nxf5 17. Bd2 Qe8 18. Ng5 Rd8 19. Qe2 h6 20. Ne4 Be6 21. Ng4 Bd5 22. Ne3 Be6 23. Red1 Kh7 24. Nc4 Nce7 25. Ne3 Qf7 26. b3 Nd5 27. Nxd5 Bxd5 28. Be1 c4 29. b4 Rd7 30. a4 Rfd8 31. Rd2 Bb7 32. Rxd7 Rxd7 33. a5 b5 34. a6 Bc6 35. h5 gxh5 36. Ng5+ hxg5 37. Bxc6 Rc7 38. Bxb5 Nd6 39. Ba4 e4 40. Bc2 Re7 41. Rd1 Re6 42. Rd5 Kh6 43. Bd2 Bf6 44. Be3 Qe7 45. Qd2 Kg6 46. Bc5 Be5 47. Rxe5 Rxe5 48. Qxd6+ Qxd6 49. Bxd6 Re6 50. Bc5 1-0

[Event "Novokuznetsk (Women) 10th"]
[Site "Novokuznetsk"]
[Date "2007.03.04"]
[Round "8"]
[White "Sorokina, Tamara"]
[Black "Egorova, Valentina"]
[Result "1/2-1/2"]
[WhiteElo "2156"]
[BlackElo "2207"]
[PlyCount "90"]
[EventDate "2007.02.27"]
[EventType "tourn"]
[EventRounds "11"]
[EventCountry "RUS"]
[SourceTitle "EXT 2008"]
[Source "ChessBase"]
[SourceDate "2007.11.25"]
[SourceVersion "1"]
[SourceVersionDate "2007.11.25"]
[SourceQuality "1"]

1. d4 d5 2. c4 c6 3. e3 Nf6 4. Nf3 a6 5. Nc3 b5 6. b3 Bg4 7. Be2 e6 8. Bd2 Bd6 9. Ne5 Bxe2 10. Qxe2 0-0 11. 0-0 Bxe5 12. dxe5 Nfd7 13. f4 Nb6 14. cxd5 cxd5 15. Rac1 Qd7 16. Qd3 Rc8 17. Ne2 Nc6 18. Bc3 Rc7 19. Bd4 Nxd4 20. Qxd4 Rc6 21. Rxc6 Qxc6 22. Rc1 Qb7 23. Kf2 h6 24. g4 Rc8 25. Rxc8+ Nxc8 26. Qc5 Ne7 27. Nd4 Ng6 28. Nc6 Qc8 29. b4 Kh7 30. Kg3 Qd7 31. h4 Qc8 32. h5 Nf8 33. Ne7 Qb8 34. Nc6 Qc8 35. Qd6 Nd7 36. f5 Nb6 37. fxe6 fxe6 38. Nd4 Qc3 39. Qxe6 Qe1+ 40. Kf4 Nc4 41. Qf5+ Kg8 42. Nf3 Qxe3+ 43. Kg3 Nd2 44. Qe6+ Kh7 45. Qf5+ Kg8 1/2-1/2

[Event "Novokuznetsk (Women) 10th"]
[Site "Novokuznetsk"]
[Date "2007.03.03"]
[Round "7"]
[White "Egorova, Valentina"]
[Black "Ankudinova, Elena"]
[Result "1/2-1/2"]
[WhiteElo "1989"]
[BlackElo "2239"]
[PlyCount "51"]
[EventDate "2007.02.27"]
[EventType "tourn"]
[EventRounds "11"]
[EventCountry "RUS"]
[SourceTitle "EXT 2008"]
[Source "ChessBase"]
[SourceDate "2007.11.25"]
[SourceVersion "1"]
[SourceVersionDate "2007.11.25"]
[SourceQuality "1"]

1. e4 c5 2. Nf3 Nc6 3. d4 cxd4 4. Nxd4 e5 5. Nb5 d6 6. c4 a6 7. N5c3 Be6 8. Nd5 Nf6 9. Nbc3 Be7 10. Be3 0-0 11. Bd3 Ne8 12. 0-0 Bg5 13. Qd2 h6 14. Rad1 g6 15. f4 exf4 16. Bxf4 Rc8 17. b3 Bxf4 18. Nxf4 Qg5 19. Ncd5 Kg7 20. Qf2 Qe5 21. Bb1 Rd8 22. Rd3 Kh7 23. Rf3 Nd4 24. Rd3 Nc6 25. Rf3 Nd4 26. Rd3 1/2-1/2

[Event "Novokuznetsk (Women) 10th"]
[Site "Novokuznetsk"]
[Date "2007.02.28"]
[Round "3"]
[White "Kuznetsova, Luba"]
[Black "Egorova, Valentina"]
[Result "1/2-1/2"]
[WhiteElo "2049"]
[BlackElo "2207"]
[PlyCount "85"]
[EventDate "2007.02.27"]
[EventType "tourn"]
[EventRounds "11"]
[EventCountry "RUS"]
[SourceTitle "EXT 2008"]
[Source "ChessBase"]
[SourceDate "2007.11.25"]
[SourceVersion "1"]
[SourceVersionDate "2007.11.25"]
[SourceQuality "1"]

1. Nf3 d5 2. d4 Nf6 3. c4 c6 4. e3 a6 5. Nc3 b5 6. cxd5 cxd5 7. Bd3 Nc6 8. h3 g6 9. 0-0 Bg7 10. Bd2 0-0 11. Rc1 Bd7 12. a3 Rc8 13. Qe2 e6 14. Na2 Qb6 15. Rc2 Rc7 16. Rfc1 Rfc8 17. g3 Ne8 18. Kg2 Nd6 19. Nb4 Nc4 20. Nxc6 Rxc6 21. Bb4 Bf8 22. Bxf8 Kxf8 23. h4 f6 24. h5 Be8 25. hxg6 Bxg6 26. Bxg6 hxg6 27. g4 Qc7 28. Ne1 Qd6 29. Nd3 Kg7 30. Nc5 Rh8 31. Qf3 Qh2+ 32. Kf1 Rh3 33. Qg2 Qh1+ 34. Qxh1 Rxh1+ 35. Ke2 Rxc1 36. Rxc1 Nxb2 37. Rb1 Nc4 38. a4 Rb6 39. axb5 axb5 40. Nd7 Rb7 41. Nc5 Rb6 42. Nd7 Rb7 43. Nc5 1/2-1/2

[Event "Novokuznetsk (Women) 10th"]
[Site "Novokuznetsk"]
[Date "2007.02.27"]
[Round "1"]
[White "Gorbatenko, Kateryna"]
[Black "Egorova, Valentina"]
[Result "0-1"]
[WhiteElo "2129"]
[BlackElo "2207"]
[PlyCount "82"]
[EventDate "2007.02.27"]
[EventType "tourn"]
[EventRounds "11"]
[EventCountry "RUS"]
[SourceTitle "EXT 2008"]
[Source "ChessBase"]
[SourceDate "2007.11.25"]
[SourceVersion "1"]
[SourceVersionDate "2007.11.25"]
[SourceQuality "1"]

1. Nf3 d5 2. d4 Nf6 3. c4 c6 4. e3 a6 5. Nc3 b5 6. b3 Bg4 7. h3 Bxf3 8. Qxf3 e5 9. dxe5 Bb4 10. Bd2 Bxc3 11. Bxc3 Ne4 12. Bb4 bxc4 13. Qg4 c5 14. f3 cxb4 15. fxe4 c3 16. Qxg7 Rf8 17. Qg3 dxe4 18. Rd1 Qc7 19. Bc4 Nd7 20. 0-0 Qxe5 21. Qg4 0-0-0 22. Rd5 Qe7 23. Bxa6+ Kc7 24. Qf4+ Kb6 25. Bc4 Nc5 26. Re5 Qc7 27. Qh6+ Ka7 28. Qh5 f5 29. Rfxf5 Rxf5 30. Rxf5 Rc8 31. Rf7 Nd7 32. Qd5 Rd8 33. Qd4+ Kb8 34. Bd5 c2 35. Qxb4+ Qb6 36. Qe1 Nc5 37. Qg3+ Qd6 38. Qe1 Qxd5 39. Qb4+ Nb7 40. Rf1 Qd1 41. Qxe4 Qxf1+ 0-1

[Event "RUS-ch U16 Girls"]
[Site "Dagomys"]
[Date "2004.04.??"]
[Round "4"]
[White "Tarasova, Viktoriya"]
[Black "Egorova, Valentina"]
[Result "1/2-1/2"]
[WhiteElo "2144"]
[BlackElo "1999"]
[PlyCount "60"]
[EventDate "2004.04.??"]
[EventType "swiss"]
[EventRounds "10"]
[EventCountry "RUS"]
[SourceTitle "EXT 2005"]
[Source "ChessBase"]
[SourceDate "2004.11.15"]
[SourceVersion "1"]
[SourceVersionDate "2004.11.15"]
[SourceQuality "1"]

1. c4 c6 2. Nf3 d5 3. b3 Nf6 4. Bb2 Bg4 5. g3 Nbd7 6. Bg2 e6 7. d3 Bd6 8. Nbd2 e5 9. Qc2 Qe7 10. e4 dxe4 11. dxe4 Ba3 12. Bc3 a5 13. 0-0 0-0 14. h3 Bh5 15. Nh4 Nc5 16. Nf5 Qe6 17. g4 Bg6 18. f4 Nfd7 19. Nf3 f6 20. fxe5 Nxe5 21. Nxe5 fxe5 22. Rad1 Na6 23. Bxa5 Bc5+ 24. Kh1 Nb4 25. Bxb4 Bxb4 26. Rf3 Rad8 27. Rfd3 Rxd3 28. Rxd3 h5 29. Bf3 Qf6 30. c5 Bxf5 1/2-1/2